000 00656nam a2200205Ii 4500
003 JO-AjNU
008 230605s9999||||xx |||||||||||||| ||und||
017 _a1971/5882
040 _aJO-AjNU
_bara
_erda
_cJO-AjNU
041 _aara
050 1 4 _aBP130.4.S3 1972
100 3 _aخليل، السيد أحمد,
_eauthor
_938371
245 0 0 _aدراسات في القرآن
264 3 1 _aمصر: دار المعارف، 1972
300 _a165ص
336 _atext
_btxt
_2rdacontent
337 _aunmediated
_bn
_2rdamedia
338 _avolume
_bnc
_2rdacarrier
650 4 _aالقران الكريم - مباحث عامة - القران - علوم
_938372
999 _aA16116
_c19684
_d19684